000 00910nas a2200301 4500
001 BR0204824
003 BR-BrBNA
005 20231205103249.0
007 ta
008 230509b bl.|||p| |||| 00| 00por d
040 _aBR-BrBNA
_bpor
_cBiblioteca Nacional de Agricultura
041 _a(Pt)
072 _aH60
100 1 _aCarvalho, F.T. de
100 1 _aPeruchi, M.
100 1 _aPalazzo, R.R.B.
245 1 _aEficácia de herbicidas no controle, em pós-emergência, de plantas daninhas na cultura do milho
650 _aMILHO
650 _aERVA DANINHA
650 _aHERBICIDA
650 _aCONTROLE QUÍMICO
650 _aPÓS-EMERGÊNCIA
650 _aPULVERIZAÇÃO
650 _aINFESTAÇÃO
773 0 _tRevista Brasileira de Herbicidas (Brazil)
_xISSN 1517-9443
_g(Sep-Dec 2001), v. 2(3) p. 143-148
_wBR0204824
909 _a202311
_bLúcia
_c55
_dLúcia Elande
942 _2AGRIS
_n0
_cANA
999 _c171960
_d171960